Principios de economía

Saved in:
Bibliografiske detaljer
Hovedforfatter: Martín Simón, José Luis (autor)
Format: Bog
Sprog:spansk
Udgivet: Madrid Pearson Educación 2003
Fag:
Tags: Tilføj Tag
Ingen Tags, Vær først til at tagge denne postø!

MARC

LEADER 00000nam a2200000 a 4500
001 UCL2385
003 CL-VaPUC
008 031017e20030000SP |||||||||||||||||spa|d
020 |a 842053918X 
082 0 4 |a 330  |b MAR  |2 21 
100 |a Martín Simón, José Luis  |e autor  |9 479489 
245 1 0 |a Principios de economía 
300 |a 341 p 
942 |c BK 
945 |d 20031017 00:00:00  |a cmena 
260 |a Madrid  |b Pearson Educación  |c 2003 
650 0 |a Economía   |9 255568 
650 7 |a COMERCIO INTERNACIONAL  |2 CL-VaPUC  |9 479490 
650 0 |a Producción   |9 263680 
650 0 |a Oferta y demanda  |9 255571 
650 0 |a Dinero  |9 314331 
650 0 |a Macroeconomía   |9 260301 
650 7 |a SISTEMAS MONETARIOS  |2 CL-VaPUC  |9 342366 
583 |a last modification  |c 20031017 00:00:00  |k Rodrigo Vera 
999 |c 305724  |d 305722 
952 |0 0  |1 0  |4 0  |6 330_000000000000000_MAR_2003  |7 0  |8 A  |9 370010  |a BIBTEO  |b BIBTEO  |d 2019-11-21  |i 3950670  |o 330 MAR 2003  |p 3950670  |r 2025-01-17  |w 2019-11-21  |y BK  |k ICR 
952 |0 0  |1 0  |4 0  |6 330_000000000000000_MAR_2003  |7 0  |8 A  |9 370011  |a BIBENE  |b BIBENE  |d 2019-11-21  |i 4100409  |o 330 MAR 2003  |p 4100409  |r 2025-01-15  |w 2019-11-21  |y BK  |k ICO